Southville International School and Colleges
Your cart is empty.
  • Cart
  • Lists
    Public lists list_1 View all
    Your lists Log in to create your own lists
  • Log in to your account
  • Your cookies
  • Search history
Southville International School and Colleges
  • Advanced search
  • Recent comments
  • Most popular
  • Libraries

Log in to your account

Log in with GOOGLE


If you do not have an external account, but do have a local account, you can still log in:

  1. Home
  2. MARC view: Bayanihan :
Normal view MARC view ISBD view

Bayanihan : (Record no. 12717)

[ view plain ]
MARC details
000 -LEADER
fixed length control field 00604nam a2200193 a 4500
003 - CONTROL NUMBER IDENTIFIER
control field LC
005 - DATE AND TIME OF LATEST TRANSACTION
control field 20170228111232.0
008 - FIXED-LENGTH DATA ELEMENTS--GENERAL INFORMATION
fixed length control field 000519s19uu xx 00 eng d
020 ## - INTERNATIONAL STANDARD BOOK NUMBER
International Standard Book Number 9712712346
050 ## - LIBRARY OF CONGRESS CALL NUMBER
Classification number HD 9665
Item number .Ib12 2002
100 ## - MAIN ENTRY--PERSONAL NAME
Personal name Ibanez, Rodolfo G.
245 ## - TITLE STATEMENT
Title Bayanihan :
Statement of responsibility, etc Rodolfo G. Ibanez.
Remainder of title the many great lessons of United Laboratories, Inc /
260 ## - PUBLICATION, DISTRIBUTION, ETC. (IMPRINT)
Place of publication, distribution, etc Manila :
Name of publisher, distributor, etc Anvil,
Date of publication, distribution, etc 2002.
300 ## - PHYSICAL DESCRIPTION
Extent 221 p. ; cm.
650 ## - SUBJECT ADDED ENTRY--TOPICAL TERM
Topical term or geographic name as entry element Pharmaceutical industry
General subdivision Philippines.
650 ## - SUBJECT ADDED ENTRY--TOPICAL TERM
Topical term or geographic name as entry element Cooperative societies
General subdivision Philippines.
650 ## - SUBJECT ADDED ENTRY--TOPICAL TERM
Topical term or geographic name as entry element Bayanihan
General subdivision Social life and customs.
942 ## - ADDED ENTRY ELEMENTS (KOHA)
Koha item type Books
Source of classification or shelving scheme Library of Congress Classification
Holdings
Withdrawn status Lost status Source of classification or shelving scheme Damaged status Home library Current library Shelving location Date acquired Total Checkouts Full call number Barcode Date last seen Price effective from Koha item type
    Library of Congress Classification   Luxembourg Library Luxembourg Library Filipiniana Section 10/16/2002   HD 9665 .Ib12 2002 11448 10/10/2013 10/10/2013 Books

Bayanihan :

APA

Ibanez R. G., . (2002). Bayanihan. Manila: Anvil.

Chicago

Ibanez Rodolfo G, . 2002. Bayanihan. Manila: Anvil.

Harvard

Ibanez R. G., . (2002). Bayanihan. Manila: Anvil.

MLA

Ibanez Rodolfo G, . Bayanihan. Manila: Anvil. 2002.

  • Place hold
  • Print
  • Cite
  • Add to your cart (remove)
  • Save record
    BIBTEX Dublin Core MARCXML MARC (non-Unicode/MARC-8) MARC (Unicode/UTF-8) MARC (Unicode/UTF-8, Standard) MODS (XML) RIS
  • More searches
    Search for this title in:
    Other Libraries (WorldCat) Other Databases (Google Scholar) Online Stores (Bookfinder.com) Open Library (openlibrary.org)

Exporting to Dublin Core...

SOUTHVILLE LIBRARY

Southville International School and Colleges Library

1281 Tropical Ave. Cor. Luxembourg St., BF Homes International, Las Pinas City

Tel. No. 8256374 / 252358 Loc. 117/146

Powered by Koha